000
00189nam a22000857a 4500
001
1243280
005
20260312124521.0
245
_a
KEDİDİR O KEDİ
_c
DİLEK ALTUNDAĞ
260
_b
ATLI KARINCA
999
_c
1243280
_d
1243280